[Event "Gold-Cup 2019"]
[Site "Meran"]
[Date "2019.04.15"]
[Round "9.2"]
[White "Hiller, Joachim"]
[Black "Kargoll, Peter"]
[Result "0-1"]
[WhiteElo "1913"]
[BlackElo "2147"]
[PlyCount "46"]

1. d4 d5 2. c4 e6 3. Nc3 Nf6 4. Nf3 Be7 5. Bg5 O-O 6. e3 b6 7. Rc1 Bb7 8. Qc2
 Nbd7 9. cxd5 Nxd5 10. Bxe7 Qxe7 11. Be2 c5 12. O-O cxd4 13. Nxd4 Nb4 14. Qa4 a5
 15. Rfd1 Nc5 16. Qa3 Rfd8 17. Ncb5 Rd7 18. Bf3 Bxf3 19. Nxf3 Rad8 20. Rxd7 Qxd7
 21. Nc3 Nc2 22. Ne5 Qd2 23. Nd3 Rxd3 0-1

[Event "Gold-Cup 2019"]
[Site "Meran"]
[Date "2019.04.15"]
[Round "9.3"]
[White "Beulertz, Stefan"]
[Black "Wempe, Juergen"]
[Result "1/2-1/2"]
[WhiteElo "2033"]
[BlackElo "2154"]
[PlyCount "25"]

1. e4 c5 2. Nf3 Nf6 3. e5 Nd5 4. g3 d6 5. Bg2 e6 6. O-O Nc6 7. Qe2 dxe5 8. Nxe5
 Nxe5 9. Qxe5 Qd6 10. Qxd6 Bxd6 11. Na3 a6 12. Nc4 Bc7 13. a4 1/2-1/2

[Event "Gold-Cup 2019"]
[Site "Meran"]
[Date "2019.04.15"]
[Round "9.4"]
[White "Kioschies, Johann"]
[Black "Korth, Manfred"]
[Result "0-1"]
[WhiteElo "2053"]
[BlackElo "1933"]
[PlyCount "88"]

1. c4 d6 2. d4 Nf6 3. Nc3 Nbd7 4. e4 e5 5. Nf3 Be7 6. Bd3 O-O 7. O-O c6 8. h3
 a6 9. Bc2 b5 10. b3 bxc4 11. bxc4 exd4 12. Nxd4 Ne5 13. Bb3 Qc7 14. Bb2 Rd8 15.
Qd2 a5 16. f4 Ng6 17. Rae1 Nd7 18. Nf5 Bf8 19. Na4 Nc5 20. Qc3 Nxa4 21. Bxa4 f6
 22. Ne3 Ba6 23. Rf2 Bb7 24. Nf5 d5 25. c5 dxe4 26. Bb3+ Kh8 27. Qc4 Rd5 28.
Qxe4 Bxc5 29. Ne3 Rdd8 30. f5 Ne5 31. Kh1 Nd3 32. Rc2 Nxe1 33. Rxc5 Nd3 34. Rc2
 c5 35. Bd5 Bxd5 36. Nxd5 Qg3 37. Kg1 Nxb2 38. Rxb2 Qe5 39. Qxe5 fxe5 40. Nc7
 Rac8 41. Ne6 Rd1+ 42. Kf2 c4 43. Ke2 c3 44. Rc2 Rd2+ 0-1

[Event "Gold-Cup 2019"]
[Site "Meran"]
[Date "2019.04.15"]
[Round "9.7"]
[White "Braun, Eric"]
[Black "Reinke, Kurt"]
[Result "0-1"]
[WhiteElo "1602"]
[BlackElo "1743"]
[PlyCount "66"]

1. e4 c5 2. Nc3 Nc6 3. Nf3 d6 4. d4 cxd4 5. Nxd4 a6 6. Be3 Nf6 7. f3 g6 8. Qd2
 Bg7 9. O-O-O Bd7 10. Bh6 Bxh6 11. Qxh6 Qa5 12. Nxc6 bxc6 13. Bc4 Be6 14. Bxe6
 fxe6 15. Qh3 Kf7 16. Rhe1 Rab8 17. Re3 Qb4 18. b3 Qa3+ 19. Kd2 Qa5 20. Ke2 Nh5
 21. Kf1 Nf4 22. Qg3 g5 23. Nd5 cxd5 24. Qxg5 Ng6 25. exd5 e5 26. g3 Qb5+ 27. c4
 Qd7 28. Qh5 Kg7 29. c5 Qb5+ 30. Kg2 Qxc5 31. Ree1 Rhg8 32. Qh3 Kh8 33. Kh1 Qc3
 0-1

[Event "Gold-Cup 2019"]
[Site "Meran"]
[Date "2019.04.15"]
[Round "9.8"]
[White "Stummeyer, Dieter"]
[Black "Mahrla, Hans"]
[Result "1-0"]
[WhiteElo "1807"]
[BlackElo "1753"]
[PlyCount "49"]

1. e4 e6 2. d4 d5 3. e5 c5 4. c3 Nc6 5. Nf3 Bd7 6. a3 cxd4 7. cxd4 Nge7 8. Nc3
 a6 9. b4 Nf5 10. Bb2 b5 11. g3 Be7 12. Bh3 g6 13. Qd2 Qb6 14. Bxf5 gxf5 15. O-O
 O-O-O 16. Rfc1 Kb7 17. Ne2 Rdg8 18. Kf1 h5 19. h4 f6 20. exf6 Bxf6 21. Ne5 Nxe5
 22. dxe5 Be7 23. Bd4 Qd8 24. Be3 Bxh4 25. Qd4 1-0

[Event "Gold-Cup 2019"]
[Site "Meran"]
[Date "2019.04.22"]
[Round "8.1"]
[White "De Santis, Alessio"]
[Black "Hiller, Joachim"]
[Result "1-0"]
[WhiteElo "2268"]
[BlackElo "1913"]
[PlyCount "117"]

1. b3 d5 2. Bb2 c5 3. e3 Nc6 4. Bb5 Qb6 5. a4 Nf6 6. Nf3 Bg4 7. h3 Bh5 8. g4
 Bg6 9. Ne5 a6 10. Bxc6+ bxc6 11. h4 h6 12. Nxg6 fxg6 13. a5 Qc7 14. Nc3 e5 15.
Na4 Bd6 16. Nb6 Rd8 17. Qe2 Qb7 18. f3 Nd7 19. Qd3 O-O 20. Rh3 Nxb6 21. axb6 c4
 22. bxc4 Qxb6 23. Bc3 d4 24. Ba5 Qb2 25. Rd1 Rd7 26. c5 Bc7 27. Bxc7 Rxc7 28.
Qxg6 dxe3 29. dxe3 Qc3+ 30. Ke2 Qc4+ 31. Qd3 Qxc5 32. g5 Qb5 33. gxh6 Qxd3+ 34.
Rxd3 gxh6 35. Ra3 Ra7 36. Ra5 Re8 37. Rg3+ Kf7 38. Rg4 Kf6 39. h5 Re6 40. Rg6+
 Kf7 41. Rg4 Re8 42. Rga4 Rea8 43. Rxe5 a5 44. Rc5 Ra6 45. f4 Ke6 46. e4 Kd6 47.
Rf5 Re8 48. Kd3 Rea8 49. Kd4 Kc7 50. Kc5 Rd8 51. Rf6 Rd2 52. c3 Rd3 53. c4 Re3
 54. Rf7+ Kd8 55. Kd4 Rb3 56. Rf5 Rf3 57. e5 Ke7 58. Rf6 c5+ 59. Ke4 1-0

[Event "Gold-Cup 2019"]
[Site "Meran"]
[Date "2019.04.22"]
[Round "8.3"]
[White "Wempe, Juergen"]
[Black "Kioschies, Johann"]
[Result "1-0"]
[WhiteElo "2154"]
[BlackElo "2053"]
[PlyCount "99"]

1. d4 d5 2. Bf4 Bf5 3. e3 Nf6 4. c4 e6 5. Qb3 Nbd7 6. Nc3 dxc4 7. Bxc4 Nb6 8.
Be2 c6 9. Nf3 Be7 10. Rd1 O-O 11. O-O a5 12. a3 a4 13. Qa2 Nbd5 14. Nxd5 exd5
 15. Ne5 Bc2 16. Rc1 Bb3 17. Qb1 Ne4 18. Bd3 Nf6 19. Bg5 h6 20. Bxf6 Bxf6 21. f4
 Qe7 22. Ng4 Rfe8 23. Rf3 Qe6 24. Ne5 Rad8 25. Bf5 Qe7 26. Rcf1 Bc4 27. R1f2 c5
 28. Qd1 Bb3 29. Qd2 Bh4 30. g3 Bf6 31. Bd3 c4 32. Bf5 Qd6 33. Rf1 Re7 34. Rc1
 b5 35. g4 Rb7 36. Rh3 Kf8 37. g5 hxg5 38. Rh8+ Ke7 39. Rxd8 Kxd8 40. Qa5+ Ke7
 41. Qa8 Qc7 42. Bd7 Kd6 43. Qf8+ Be7 44. Qxf7 Qd8 45. Bc6 Ra7 46. Qxd5+ Kc7 47.
Qxb5 gxf4 48. Nxc4 Bxc4 49. Rxc4 Qd6 50. Bd7+ 1-0

[Event "Gold-Cup 2019"]
[Site "Meran"]
[Date "2019.04.22"]
[Round "8.5"]
[White "Korth, Manfred"]
[Black "Stummeyer, Dieter"]
[Result "1-0"]
[WhiteElo "1933"]
[BlackElo "1807"]
[PlyCount "79"]

1. d3 d5 2. c3 Nf6 3. Qc2 e5 4. e4 Be6 5. Nf3 Bd6 6. Be2 O-O 7. O-O h6 8. Nbd2
 c6 9. Re1 Nbd7 10. Nf1 Rc8 11. Ne3 Bb8 12. b3 dxe4 13. dxe4 Nc5 14. Nd2 Re8 15.
b4 Ncd7 16. a4 c5 17. b5 b6 18. Bb2 Nf8 19. Rad1 Qc7 20. c4 Bd7 21. Nf3 Rcd8
 22. g3 Qb7 23. Nd5 N6h7 24. Bf1 Bg4 25. Bg2 Ng5 26. Rd3 Bxf3 27. Bxf3 Nfe6 28.
Bg2 Nd4 29. Bxd4 exd4 30. f4 Ne6 31. e5 Qc8 32. Bh3 Kh8 33. Qe2 Rf8 34. Qh5 Qb7
 35. Bg2 Qd7 36. f5 Ng5 37. h4 Qxf5 38. Nf4 g6 39. Qxh6+ Nh7 40. Bh3 1-0

[Event "Gold-Cup 2019"]
[Site "Meran"]
[Date "2019.04.22"]
[Round "8.8"]
[White "Braun, Eric"]
[Black "Krajinski, Lutz"]
[Result "0-1"]
[WhiteElo "1602"]
[BlackElo "1555"]
[PlyCount "118"]

1. e4 c5 2. Nf3 Nc6 3. d4 cxd4 4. Nxd4 Nf6 5. Nc3 a6 6. Be3 d6 7. Be2 g6 8. O-O
 Bg7 9. Nxc6 bxc6 10. e5 dxe5 11. Qxd8+ Kxd8 12. Bb6+ Ke8 13. Rfd1 Be6 14. Bxa6
 Nd7 15. Bb7 Rb8 16. Bxc6 Rxb6 17. Ba4 Kd8 18. Nb5 Ra6 19. Bb3 Kc8 20. Bxe6 Rxe6
 21. Rd5 Nb6 22. Rc5+ Kb7 23. Rc7+ Kb8 24. a4 Rc8 25. Ra7 Rxc2 26. Rd1 Rec6 27.
Kf1 Rxb2 28. Rxe7 Rcc2 29. Rxf7 Bh6 30. g3 Nxa4 31. Rd8+ Rc8 32. Rxc8+ Kxc8 33.
Rxh7 Rxb5 34. Rxh6 Rb6 35. Rh7 Nc5 36. Ke2 Rd6 37. h4 Nd7 38. g4 Nf6 39. Rh8+
 Kd7 40. f3 Nd5 41. Kd3 Ke6 42. Ke2 Nf4+ 43. Kf2 Rd2+ 44. Ke1 Re2+ 45. Kf1 Ra2
 46. Rd8 Ra1+ 47. Kf2 Ra2+ 48. Kf1 Rh2 49. Rh8 Kd5 50. Rd8+ Kc4 51. h5 gxh5 52.
gxh5 Rxh5 53. Kf2 Nd5 54. Kg3 Rg5+ 55. Kh4 Rg1 56. Ra8 Kd4 57. Ra4+ Ke3 58.
Re4+ Kxf3 59. Rxe5 Kf4 0-1

[Event "Gold-Cup 2019"]
[Site "Meran"]
[Date "2019.04.13"]
[Round "7.1"]
[White "Kargoll, Peter"]
[Black "Kioschies, Johann"]
[Result "1/2-1/2"]
[WhiteElo "2147"]
[BlackElo "2053"]
[PlyCount "133"]

1. d4 d5 2. Nf3 Nf6 3. c4 e6 4. Nc3 Be7 5. Bf4 a6 6. e3 O-O 7. Rc1 Nc6 8. Be2
 Re8 9. h3 dxc4 10. Bxc4 b5 11. Be2 Bb7 12. O-O Rc8 13. a3 Nb8 14. b4 Nbd7 15.
Qb3 Nb6 16. Ne5 Nbd5 17. Bh2 Bd6 18. Rfd1 Nxc3 19. Qxc3 Ne4 20. Qc2 Qh4 21. Bf3
 f5 22. Qe2 Bd5 23. Bxe4 fxe4 24. Bg3 Qf6 25. Qg4 Qf5 26. Rf1 Bxe5 27. Bxe5 Qxg4
 28. hxg4 Bc4 29. Rfe1 c6 30. f3 exf3 31. gxf3 Rf8 32. Kg2 Rf7 33. e4 Rd8 34.
Kg3 a5 35. bxa5 Ra7 36. Re3 Rdd7 37. f4 Rxa5 38. f5 Ra6 39. Rec3 Kf7 40. Kf4 h6
 41. Rh1 Ra8 42. Rh5 Rc8 43. g5 exf5 44. exf5 Be2 45. Rh2 hxg5+ 46. Kxg5 Bc4 47.
Kf4 Rg8 48. Rg3 Kf8 49. Rg6 Bd5 50. Rh7 Rf7 51. Rh3 Ra7 52. Rhg3 Rb7 53. f6 Rf7
 54. Ke3 Ra7 55. Bd6+ Ke8 56. Rxg7 Rgxg7 57. fxg7 Bg8 58. Ke4 Rf7 59. Bf8 Rf1
 60. Ke5 Kd7 61. Bb4 Rf7 62. Rg6 Kc7 63. Bf8 Rf1 64. Rg3 Kd7 65. Rg5 Re1+ 66.
Kf5 Rf1+ 67. Ke4 1/2-1/2

[Event "Gold-Cup 2019"]
[Site "Meran"]
[Date "2019.04.13"]
[Round "7.2"]
[White "De Santis, Alessio"]
[Black "Korth, Manfred"]
[Result "1-0"]
[WhiteElo "2268"]
[BlackElo "1933"]
[PlyCount "109"]

1. Nf3 d6 2. d4 Nf6 3. b3 Nbd7 4. Bb2 g6 5. e3 Bg7 6. Be2 O-O 7. c4 Qe8 8. Nc3
 e6 9. O-O e5 10. dxe5 dxe5 11. Ba3 c5 12. Nb5 Qe7 13. Qd6 Qxd6 14. Nxd6 e4 15.
Nd2 Ne8 16. Nxc8 Rxc8 17. Rad1 Ndf6 18. Nb1 b6 19. Rd2 Nc7 20. Rfd1 Rfe8 21.
Nc3 h6 22. Bb2 Nh7 23. g4 f5 24. gxf5 gxf5 25. Bh5 Rf8 26. Kh1 Kh8 27. h4 Nf6
 28. Be2 Rfe8 29. Kg2 Ne6 30. Nb5 Re7 31. Nd6 Rf8 32. Nxf5 Ref7 33. Kh3 Ne8 34.
Nxg7 N8xg7 35. Bg4 Kh7 36. Bxe6 Nxe6 37. Rd7 Ng7 38. Rxf7 Rxf7 39. Bxg7 Kxg7
 40. Kg3 Kg6 41. Rd6+ Kg7 42. Kg2 Re7 43. Kg3 Kh7 44. Rd5 Kg7 45. a4 Kh7 46. a5
 Rg7+ 47. Kf4 Rf7+ 48. Rf5 Re7 49. h5 Kg7 50. a6 Kg8 51. Re5 Rf7+ 52. Kxe4 Rxf2
 53. Re7 Rh2 54. Rxa7 Rxh5 55. Rb7 1-0

[Event "Gold-Cup 2019"]
[Site "Meran"]
[Date "2019.04.13"]
[Round "7.7"]
[White "Boldt, Heinrich"]
[Black "Seifert, Frank"]
[Result "0-1"]
[WhiteElo "1803"]
[BlackElo "2153"]
[PlyCount "36"]

1. d4 Nf6 2. Bf4 d6 3. Nf3 g6 4. e3 Bg7 5. Nc3 Nbd7 6. Be2 O-O 7. O-O b6 8. a4
 Nh5 9. Bg5 Bb7 10. Re1 Nhf6 11. Bd3 e5 12. dxe5 dxe5 13. Be4 Bxe4 14. Nxe4 Qe8
 15. Nxf6+ Nxf6 16. Bxf6 Bxf6 17. Qd5 e4 18. Ng5 Rd8 0-1

[Event "Gold-Cup 2019"]
[Site "Meran"]
[Date "2019.04.12"]
[Round "6.1"]
[White "Wempe, Juergen"]
[Black "De Santis, Alessio"]
[Result "1/2-1/2"]
[WhiteElo "2154"]
[BlackElo "2268"]
[PlyCount "26"]

1. e4 b6 2. d4 Bb7 3. f3 e6 4. Nc3 d6 5. Bf4 Nd7 6. Bc4 a6 7. Qe2 Ne7 8. Nh3
 Ng6 9. Bg5 Be7 10. Qd2 Bxg5 11. Nxg5 Qe7 12. O-O-O b5 13. Bd3 h6 1/2-1/2

[Event "Gold-Cup 2019"]
[Site "Meran"]
[Date "2019.04.12"]
[Round "6.2"]
[White "Beulertz, Stefan"]
[Black "Kargoll, Peter"]
[Result "0-1"]
[WhiteElo "2033"]
[BlackElo "2147"]
[PlyCount "70"]

1. e4 e6 2. d3 d5 3. Qe2 Nf6 4. Nf3 Be7 5. g3 c5 6. Bg2 Nc6 7. O-O O-O 8. e5
 Nd7 9. c4 Nb6 10. b3 a5 11. Nc3 a4 12. Rb1 axb3 13. axb3 f5 14. h4 h6 15. Bf4
 Nb4 16. Rfd1 d4 17. Nb5 Bd7 18. Nd6 Bc6 19. h5 Na2 20. Rb2 Nc3 21. Qd2 Nxd1 22.
Qxd1 Nc8 23. Qe2 Ra1+ 24. Kh2 Qd7 25. Nxc8 Rxc8 26. Bd2 Qe8 27. Ng1 Bxg2 28.
Kxg2 Qc6+ 29. f3 Rca8 30. Be1 Qa6 31. Nh3 Ra2 32. Bf2 Rxb2 33. Qxb2 Qa2 34. Qc1
 Qxb3 35. Nf4 Bg5 0-1

[Event "Gold-Cup 2019"]
[Site "Meran"]
[Date "2019.04.12"]
[Round "6.7"]
[White "Haase, Georg"]
[Black "Boldt, Heinrich"]
[Result "1-0"]
[WhiteElo "1899"]
[BlackElo "1803"]
[PlyCount "69"]

1. e4 d6 2. d4 Nf6 3. f3 Nbd7 4. Be3 e5 5. d5 c6 6. c4 Be7 7. Nc3 O-O 8. Bd3
 Qa5 9. Qd2 h6 10. Nge2 Nh7 11. O-O Nc5 12. a3 Nb3 13. Qc2 Nxa1 14. Rxa1 Bg5 15.
Bf2 f5 16. exf5 Qd8 17. Rd1 Bd7 18. Ng3 Bh4 19. Nce4 Bxg3 20. Nxg3 cxd5 21. Qb3
 Kh8 22. cxd5 b6 23. Qb4 Bc8 24. Be4 Bb7 25. Be3 Nf6 26. Qd2 Kh7 27. Qb4 Rf7 28.
Ne2 Nxe4 29. fxe4 Rc7 30. Nc3 Rac8 31. Nb5 Rc4 32. Qxd6 Ba6 33. Qg6+ Kh8 34.
Nd6 Rc2 35. Nf7+ 1-0

[Event "Gold-Cup 2019"]
[Site "Meran"]
[Date "2019.04.12"]
[Round "6.9"]
[White "Krajinski, Lutz"]
[Black "Neumann, Han"]
[Result "1/2-1/2"]
[WhiteElo "1555"]
[BlackElo "2035"]
[PlyCount "26"]

1. c4 f5 2. Nc3 Nf6 3. d4 g6 4. Nf3 Bg7 5. g3 O-O 6. Bg2 d6 7. O-O Nc6 8. d5
 Ne5 9. Nxe5 dxe5 10. e4 f4 11. gxf4 Nh5 12. f5 Nf4 13. fxg6 hxg6 1/2-1/2

[Event "Gold-Cup 2019"]
[Site "Meran"]
[Date "2019.04.11"]
[Round "5.1"]
[White "De Santis, Alessio"]
[Black "Kargoll, Peter"]
[Result "1/2-1/2"]
[WhiteElo "2268"]
[BlackElo "2147"]
[PlyCount "34"]

1. Nf3 d5 2. c4 e6 3. e3 Nf6 4. b3 Be7 5. Bb2 O-O 6. Be2 c5 7. O-O b6 8. d3 Nc6
 9. Nbd2 Bb7 10. a3 a6 11. Ra2 Qc7 12. Qa1 Rfd8 13. Rc1 Rac8 14. d4 dxc4 15.
Nxc4 b5 16. Ncd2 cxd4 17. Nxd4 Qd7 1/2-1/2

[Event "Gold-Cup 2019"]
[Site "Meran"]
[Date "2019.04.11"]
[Round "5.3"]
[White "Stanislowski, Detlev"]
[Black "Beulertz, Stefan"]
[Result "0-1"]
[WhiteElo "1936"]
[BlackElo "2033"]
[PlyCount "63"]

1. c4 f5 2. g3 Nf6 3. Bg2 d6 4. d4 g6 5. Nc3 Bg7 6. Nf3 O-O 7. Qc2 c6 8. O-O
 Qe8 9. Bf4 Nh5 10. Qd2 Nxf4 11. gxf4 Qf7 12. d5 h6 13. Rad1 c5 14. a3 b6 15.
Ne1 Ba6 16. b3 Nd7 17. Nd3 Qf6 18. Rc1 Rac8 19. Kh1 Qh4 20. Qe3 Rcd8 21. Qg3
 Qf6 22. Rg1 Kh7 23. Bf3 Qf7 24. e4 Rg8 25. e5 dxe5 26. fxe5 f4 27. Qxf4 Qxf4
 28. Nxf4 Rdf8 29. Nxg6 Rxf3 30. Nxe7 Re8 31. Rxg7+ Kxg7 32. Rg1+ 0-1

[Event "Gold-Cup 2019"]
[Site "Meran"]
[Date "2019.04.11"]
[Round "5.7"]
[White "Neumann, Han"]
[Black "Stummeyer, Dieter"]
[Result "0-1"]
[WhiteElo "2035"]
[BlackElo "1807"]
[PlyCount "86"]

1. e4 c5 2. Nf3 Nc6 3. d4 cxd4 4. Nxd4 g6 5. Nxc6 bxc6 6. Qd4 f6 7. Bc4 Bg7 8.
Nc3 e6 9. O-O Ne7 10. Qd6 Bf8 11. Qf4 Kf7 12. Be3 d5 13. Rad1 Qa5 14. Bb3 Bb7
 15. Bd4 Bg7 16. Na4 Rad8 17. Nc5 Ba8 18. Rfe1 e5 19. Bxe5 Qxc5 20. Bd4 Qa5 21.
e5 Nf5 22. Bc3 Qb6 23. g4 Bh6 24. Qf3 Rhg8 25. gxf5 gxf5+ 26. Kh1 Kf8 27. Qxf5
 Rg6 28. e6 Ke7 29. Be5 Bg7 30. Bg3 c5 31. h4 Qc6 32. f3 c4 33. Kh2 cxb3 34.
cxb3 d4 35. Rc1 Qd5 36. Rc7+ Ke8 37. Qd3 Rxg3 38. Kxg3 Qd6+ 39. Kh3 Qxc7 40.
Qxh7 Qe7 41. f4 d3 42. f5 d2 43. Qh5+ Kf8 0-1

[Event "Gold-Cup 2019"]
[Site "Meran"]
[Date "2019.04.10"]
[Round "4.2"]
[White "Kargoll, Peter"]
[Black "Stanislowski, Detlev"]
[Result "1-0"]
[WhiteElo "2147"]
[BlackElo "1936"]
[PlyCount "49"]

1. d4 d5 2. Nf3 Nf6 3. c4 c6 4. Nc3 Nbd7 5. cxd5 cxd5 6. Bf4 e6 7. e3 Bb4 8.
Bd3 O-O 9. O-O Bxc3 10. bxc3 Re8 11. Qe2 b6 12. Rfc1 Bb7 13. h3 Ne4 14. c4 f5
 15. cxd5 Bxd5 16. Ba6 g5 17. Bc7 Qe7 18. Bh2 g4 19. hxg4 fxg4 20. Ne5 g3 21.
Bxg3 Nxg3 22. Qg4+ Kh8 23. Nxd7 Rg8 24. Qf4 Ne2+ 25. Bxe2 1-0

[Event "Gold-Cup 2019"]
[Site "Meran"]
[Date "2019.04.10"]
[Round "4.3"]
[White "Kioschies, Johann"]
[Black "De Santis, Alessio"]
[Result "0-1"]
[WhiteElo "2053"]
[BlackElo "2268"]
[PlyCount "98"]

1. c4 b6 2. Nf3 Bb7 3. Nc3 Nf6 4. d4 e6 5. Bg5 Bb4 6. a3 Bxc3+ 7. bxc3 h6 8.
Bh4 d6 9. e3 Nbd7 10. Bd3 Qe7 11. Be2 g5 12. Bg3 Ne4 13. Qc2 h5 14. h3 O-O-O
 15. Rg1 Kb8 16. a4 a5 17. Rb1 Nxg3 18. fxg3 e5 19. d5 Nc5 20. Nd2 Qd7 21. Rb5
 Ba6 22. g4 Bxb5 23. cxb5 e4 24. Rf1 Rde8 25. Nc4 h4 26. Kd2 Qe7 27. Rb1 Nb7 28.
Ke1 Rhf8 29. Nd2 Qe5 30. Nb3 Qg3+ 31. Kd2 f5 32. gxf5 Rxf5 33. Nd4 Rf2 34. Qb3
 Nc5 35. Qc4 Ref8 36. Ra1 Rxg2 37. Ne6 Rff2 38. Nxc5 dxc5 39. Qxe4 Qxh3 40. Kd3
 Qf5 41. Qxf5 Rxf5 42. Ke4 Rf8 43. Bf3 Rg3 44. Bh1 Re8+ 45. Kd3 g4 46. Be4 h3
 47. Bh1 h2 48. Kd2 Rg1 49. d6 g3 0-1

[Event "Gold-Cup 2019"]
[Site "Meran"]
[Date "2019.04.10"]
[Round "4.4"]
[White "Wempe, Juergen"]
[Black "Eichner, Manfred"]
[Result "1-0"]
[WhiteElo "2154"]
[BlackElo "1946"]
[PlyCount "79"]

1. d4 e6 2. Nf3 b6 3. c4 Bb7 4. a3 a5 5. Nc3 Nf6 6. d5 exd5 7. cxd5 Bc5 8. Bg5
 O-O 9. e3 Re8 10. Bd3 Na6 11. O-O h6 12. Bh4 Be7 13. Bb1 Nc5 14. Qc2 g5 15.
Nxg5 hxg5 16. Bxg5 Kg7 17. f4 Rh8 18. Rf3 Rh5 19. Rg3 Kf8 20. Qd1 Rh8 21. e4 d6
 22. Bc2 Ncd7 23. Qd4 c5 24. dxc6 Bxc6 25. Nd5 Bxd5 26. exd5 b5 27. Re1 Qb6 28.
Qxb6 Nxb6 29. Rxe7 Kxe7 30. Re3+ Kd7 (30... Kf8 31. Bxf6 Nxd5 32. Be4 Nxe3 33.
Bxa8 Rh6 34. Bd4) 31. Bf5+ Kc7 32. Rc3+ Kb8 33. Bxf6 Re8 34. Rb3 b4 35. axb4 a4
 36. Rd3 Nc4 37. h4 Kb7 38. Bd7 Re2 39. Bc6+ Kb8 40. Rg3 1-0

[Event "Gold-Cup 2019"]
[Site "Meran"]
[Date "2019.04.09"]
[Round "3.1"]
[White "Kargoll, Peter"]
[Black "Wempe, Juergen"]
[Result "1/2-1/2"]
[WhiteElo "2147"]
[BlackElo "2154"]
[PlyCount "66"]

1. d4 Nf6 2. Nf3 e6 3. e3 b6 4. Be2 Bb7 5. O-O d6 6. c4 Nbd7 7. Nc3 Ne4 8. Nxe4
 Bxe4 9. b3 Be7 10. Bb2 O-O 11. Nd2 Bb7 12. Bf3 Bxf3 13. Qxf3 Rc8 14. Rad1 c6
 15. Qg3 d5 16. e4 Nf6 17. e5 Nh5 18. Qe3 g6 19. g4 Ng7 20. f4 Qd7 21. c5 f5 22.
exf6 Bxf6 23. Ba3 e5 24. dxe5 Qxg4+ 25. Qg3 Qxg3+ 26. hxg3 Be7 27. Rc1 Ne6 28.
b4 bxc5 29. bxc5 Nd4 30. Kg2 Rb8 31. Nf3 Ne6 32. Rb1 a5 33. Rfd1 Kf7 1/2-1/2

[Event "Gold-Cup 2019"]
[Site "Meran"]
[Date "2019.04.09"]
[Round "3.3"]
[White "De Santis, Alessio"]
[Black "Haase, Georg"]
[Result "1-0"]
[WhiteElo "2268"]
[BlackElo "1899"]
[PlyCount "51"]

1. d4 Nf6 2. c4 e6 3. Nc3 Bb4 4. f3 O-O 5. e4 d6 6. Nge2 Nbd7 7. a3 Bxc3+ 8.
Nxc3 e5 9. d5 a5 10. Bg5 h6 11. Bh4 g5 12. Bf2 Nh5 13. g3 Ng7 14. h4 f6 15. Be2
 Nc5 16. Qc2 Bd7 17. O-O-O b6 18. hxg5 hxg5 19. Rh6 Qe8 20. Bxc5 bxc5 21. Rdh1
 Qb8 22. f4 Qb7 23. fxg5 fxg5 24. Qd2 Rab8 25. Rh8+ Kf7 26. Rf1+ 1-0

[Event "Gold-Cup 2019"]
[Site "Meran"]
[Date "2019.04.09"]
[Round "3.11"]
[White "Degaudenz, Fabio"]
[Black "Boldt, Heinrich"]
[Result "1/2-1/2"]
[WhiteElo "1535"]
[BlackElo "1803"]
[Annotator "chessorg"]
[PlyCount "64"]
[EventDate "2019.??.??"]
[WhiteTeam "Merania SK"]
[BlackTeam "TSV-Kareth-Lappersdorf"]

1. Nf3 Nf6 2. g3 d6 3. Bg2 e5 4. d3 Be7 5. O-O Nbd7 6. e4 O-O 7. a4 Re8 8. c3
c6 9. Nbd2 a5 10. Re1 Bf8 11. Nc4 Nb6 12. Nxb6 Qxb6 13. Be3 Qc7 14. Qc2 Ng4 15.
Bc1 h6 16. h3 Nf6 17. d4 Nh7 18. Be3 Bd7 19. Rad1 Qc8 20. Kh2 g5 21. g4 Bg7 22.
Bc1 Nf8 23. Ng1 Ng6 24. Ne2 Nh4 25. Bh1 Ng6 26. Ng3 Nf4 27. Bxf4 gxf4 28. Nf5
Bxf5 29. gxf5 Bf6 30. Rg1+ Kh7 31. Rg4 Qd7 32. Rdg1 Rg8 1/2-1/2

[Event "Gold-Cup 2019"]
[Site "Meran"]
[Date "2019.04.09"]
[Round "3.7"]
[White "Eichner, Manfred"]
[Black "Stummeyer, Dieter"]
[Result "1-0"]
[WhiteElo "1946"]
[BlackElo "1807"]
[Annotator "chessorg"]
[PlyCount "107"]
[EventDate "2019.??.??"]
[WhiteTeam "BC Augsburg"]
[BlackTeam "Garbsen"]

1. e4 c5 2. Nf3 Nc6 3. Nc3 g6 4. Bc4 Bg7 5. d3 a6 6. Be3 d6 7. h3 Nf6 8. Qd2
O-O 9. a3 Re8 10. Rb1 e6 11. Bg5 b5 12. Ba2 b4 13. Ne2 Qa5 14. O-O Nd7 15. Bb3
Qc7 16. Rfe1 Rb8 17. Qf4 Nde5 18. Nh2 Na5 19. Ba4 Rf8 20. Qh4 b3 21. cxb3 Nxd3
22. Rf1 Nxb2 23. Be7 Nxa4 24. Bxf8 Bxf8 25. bxa4 Bd7 26. Nc3 Bg7 27. Rxb8+ Qxb8
28. Qe7 Bc6 29. Rb1 Nb7 30. Nd1 Bf8 31. Qh4 Qc7 32. Ne3 h5 33. e5 d5 34. f4 c4
35. Nhf1 Bd7 36. f5 Nc5 37. fxg6 fxg6 38. Qf6 Be8 39. a5 Bg7 40. Qh4 Nb3 41. g4
d4 42. Nxc4 Qxc4 43. Qd8 Kf7 44. Ng3 d3 45. Rf1+ Kg8 46. Qxe8+ Kh7 47. gxh5
Qd4+ 48. Kh2 gxh5 49. Qxh5+ Kg8 50. Qe8+ Kh7 51. Qxe6 Qxe5 52. Qxb3 Qe3 53. Qb7
d2 54. Qe4+ 1-0

[Event "Gold-Cup 2019"]
[Site "Meran"]
[Date "2019.04.08"]
[Round "2.1"]
[White "Beulertz, Stefan"]
[Black "De Santis, Alessio"]
[Result "1/2-1/2"]
[WhiteElo "2033"]
[BlackElo "2268"]
[PlyCount "92"]

1. g3 e5 2. c4 Nf6 3. Bg2 Nc6 4. Nc3 Bb4 5. d3 Bxc3+ 6. bxc3 d6 7. e4 h6 8. Ne2
 Bg4 9. h3 Bd7 10. O-O b6 11. Be3 Qc8 12. Kh2 h5 13. Bg5 Ng8 14. f4 f6 15. Bh4
 Qa6 16. Qb3 Na5 17. Qa3 c5 18. Nc1 Ne7 19. f5 Nec6 20. Nb3 Kd8 21. Nd2 Kc7 22.
Rab1 Qc8 23. Rf2 Qg8 24. Nf1 Ne7 25. Ne3 Nac6 26. Qb3 Qc8 27. Qd1 Qa6 28. Qb3
 Be8 29. Kg1 Bf7 30. Rd2 Na5 31. Qa4 Be8 32. Qa3 Bc6 33. Rf2 Qb7 34. Rfb2 Qc8
 35. Rf2 Be8 36. Kh2 Qd7 37. Bf3 Qa4 38. Qb2 Nac6 39. Bd1 Qa5 40. Bf3 Bf7 41.
Rc2 Qa6 42. Rg2 Rab8 43. Be2 Rh7 44. Rf2 Rg8 45. Rbf1 Rb8 46. Rb1 Rhh8 1/2-1/2

[Event "Gold-Cup 2019"]
[Site "Meran"]
[Date "2019.04.08"]
[Round "2.2"]
[White "Wempe, Juergen"]
[Black "Neumann, Han"]
[Result "1/2-1/2"]
[WhiteElo "2154"]
[BlackElo "2035"]
[PlyCount "20"]

1. Nf3 c5 2. c4 Nf6 3. Nc3 Nc6 4. d4 cxd4 5. Nxd4 g6 6. e4 Bg7 7. Be3 Ng4 8.
Nxc6 Nxe3 9. Nxd8 Nxd1 10. Rxd1 Kxd8 1/2-1/2

[Event "Gold-Cup 2019"]
[Site "Meran"]
[Date "2019.04.08"]
[Round "2.3"]
[White "Korth, Manfred"]
[Black "Kargoll, Peter"]
[Result "0-1"]
[WhiteElo "1933"]
[BlackElo "2147"]
[PlyCount "94"]

1. d3 d5 2. c3 Nf6 3. Qc2 c5 4. e4 Nc6 5. Nf3 e6 6. Be2 Qc7 7. O-O h6 8. a3 Bd7
 9. b4 a6 10. Nbd2 Rc8 11. bxc5 dxe4 12. dxe4 Bxc5 13. Bb2 O-O 14. Rad1 Rfd8 15.
Nb3 Bf8 16. c4 Na5 17. Nxa5 Qxa5 18. Bxf6 gxf6 19. Qb2 Kg7 20. Rd3 Bc6 21. Nd4
 Bxe4 22. Rg3+ Kh7 23. Bf3 Qe5 24. Bxe4+ Qxe4 25. Nf3 Bg7 26. Re1 Qxc4 27. Qxb7
 Rc7 28. Qb2 Qc2 29. Qb6 Qc6 30. Qb2 Rb7 31. Qe2 f5 32. Rh3 Kg8 33. Ne5 Qb5 34.
Qxb5 Rxb5 35. Nd3 Rb3 36. Nb4 Rxh3 37. gxh3 a5 38. Nc6 Rd3 39. Re3 Rd1+ 40. Kg2
 a4 41. Nb4 Ra1 42. Nc2 Ra2 43. Nb4 Rb2 44. Kf1 Bf8 45. Nd3 Rb1+ 46. Re1 Rb3 47.
Re3 Bxa3 0-1

[Event "Gold-Cup 2019"]
[Site "Meran"]
[Date "2019.04.08"]
[Round "2.5"]
[White "Schleime, Franz-Josef"]
[Black "Seifert, Volker"]
[Result "0-1"]
[WhiteElo "1650"]
[BlackElo "2302"]
[PlyCount "60"]

1. d4 e6 2. Nf3 Nf6 3. e3 b6 4. Bd3 Bb7 5. O-O d5 6. Nbd2 Bd6 7. b3 O-O 8. Bb2
 Ne4 9. c4 Nd7 10. cxd5 exd5 11. Ne5 Qe7 12. Nxd7 Qxd7 13. Nf3 f6 14. Rc1 a6 15.
Re1 Rfe8 16. a3 Qe7 17. Ra1 Qf7 18. Nh4 g6 19. Nf3 Qg7 20. Qc2 Qh6 21. g3 Re7
 22. Nd2 Nxf2 23. Nf1 Nxd3 24. Qxd3 Rae8 25. Re2 Qh3 26. Rae1 Kg7 27. Rf2 Bc8
 28. Nd2 Bxg3 29. hxg3 Qxg3+ 30. Kf1 Bh3+ 0-1

[Event "Gold-Cup 2019"]
[Site "Meran"]
[Date "2019.04.08"]
[Round "2.6"]
[White "Haase, Georg"]
[Black "Seifert, Frank"]
[Result "1-0"]
[WhiteElo "1899"]
[BlackElo "2153"]
[PlyCount "77"]

1. e4 d6 2. d4 Nf6 3. f3 g6 4. Be3 Bg7 5. Qd2 c6 6. Ne2 b5 7. g4 h5 8. g5 Nfd7
 9. h4 c5 10. c3 Bb7 11. a4 bxa4 12. Rxa4 Nb6 13. Ra2 Nc4 14. Qc1 Qb6 15. Nf4
 Nxe3 16. Qxe3 Qb3 17. Ra5 cxd4 18. Rb5 Qa2 19. cxd4 Qxb1+ 20. Kd2 Bc6 21. Nd5
 O-O 22. Nxe7+ Kh7 23. Rb4 a5 24. Rb6 Ba4 25. Qc3 Nd7 26. Bg2 Qxh1 27. Bxh1 Nxb6
 28. b3 Rfe8 29. Nf5 gxf5 30. bxa4 Rec8 31. Qd3 Rab8 32. exf5 Nc4+ 33. Ke1 Kg8
 34. f6 Bf8 35. f4 d5 36. Bxd5 Bb4+ 37. Kf2 Nd2 38. Qg6+ Kf8 39. Qxf7# 1-0